Basic Indonesian - Click to Translate #1 - Statistics

General Stats
  • This quiz has been taken 43 times
  • The average score is 8 of 17
Answer Stats
Hint Answer % Correct
Bibi Auntie
67%
Selamat pagi Good morning
67%
Bapak Father
56%
Sampai Jumpa Goodbye
56%
Nenek Grandma
56%
Adik laki-laki Younger brother
56%
Keluarga Family
50%
Kakak perempuan Older sister
50%
Selamat siang Good afternoon
44%
Selamat sore Good evening
44%
Selamat malam Goodnight
44%
Kakek Grandpa
44%
Ibu Mother
44%
Kakak laki-laki Older brother
44%
Sepupu Cousin
39%
Paman Uncle
39%
Adik perempuan Younger sister
39%
No matching quizzes found
Score Distribution
Percent of People with Each Score
Percentile by Number Answered
Your Score History
You have not taken this quiz